The sign gift ministry in the 20th century. (Record no. 16374)

000 -LEADER
fixed length control field 00533nam a2200181 a 4500
001 - CONTROL NUMBER
control field :::00019258$&:&@@
003 - CONTROL NUMBER IDENTIFIER
control field OkBaRHE
005 - DATE AND TIME OF LATEST TRANSACTION
control field 20100331141344.0
008 - FIXED-LENGTH DATA ELEMENTS--GENERAL INFORMATION
fixed length control field j 000 0 eng u
040 ## - CATALOGING SOURCE
Transcribing agency
100 1# - MAIN ENTRY--PERSONAL NAME
Personal name Grant, W. V. (Walter Vinson)
245 14 - TITLE STATEMENT
Title The sign gift ministry in the 20th century.
260 ## - PUBLICATION, DISTRIBUTION, ETC. (IMPRINT)
Place of publication, distribution, etc Dallas, Texas
Name of publisher, distributor, etc W. V. Grant
300 ## - PHYSICAL DESCRIPTION
Extent 40 p.
700 ## - ADDED ENTRY--PERSONAL NAME
Personal name James Dunn
942 ## - ADDED ENTRY ELEMENTS (KOHA)
Source of classification or shelving scheme
Koha item type Books
Copies
Koha item type Not for loan Shelving location Date acquired Withdrawn status Source of classification or shelving scheme Damaged status Lost status Full call number Date last seen Price effective from Copy number Permanent Location Barcode
Books General Stacks2010-04-14    BX 8764 .Z8 D82010-04-142010-04-141RHEMA Bible Training College19258